000 00297nam a22001337a 4500
008 171107b xxu||||| |||| 00| 0 eng d
020 _a9780136001485
041 _aeng
080 _212 ED
_a330.722.6
100 _a62
101 _aKON
245 _aCOST ACCOUNTING
_cHARRIS.J
942 _2udc
_cBK
999 _c38089
_d38089